000 00835cab a2200253 4500
001 ABS59918
008 090401t1999 xxu||||| |||| 00| 0 eng d
035 _a(Sirsi) u90807
041 _aeng
100 _aHollis, M.
245 _aValuing the past and surveying the future
260 _c1999
350 _a0
490 _aThe Valuer
_v68(1) January/February 1999, 6-7(2)
520 _aAn overview of the changes which have taken place in building surveying over the last twelve years, with predictions as to how the prfession will develop in the future.
650 _aBUILDING DEFECTS
650 _aBUILDING INSPECTIONS
650 _aBUILT ENVIRONMENT-BUILDING INSPECTION
650 _aBUILDING SURVEYS
650 _aFORECASTS
690 _aBUILT ENVIRONMENT-BUILDING INSPECTION
942 _n0
948 _c20/01/1999
999 _c57598
_d57598